[Event "WCO2014"]
[Site "Tromso"]
[Date "2014.08.05"]
[Round "4.32"]
[WhiteID "3503240"]
[White "Dominguez Perez Leinier"]
[BlackID "5021596"]
[Black "Sethuraman S.P."]
[Result "1/2-1/2"]
[LiveChessVersion "1.4.3"]
[BlackElo "2590"]
[WhiteElo "2760"]

1. c4 {[%clk 1:30:57]} e6 {[%clk 1:28:31]} 2. g3 {[%clk 1:31:01]} d5
{[%clk 1:28:27]} 3. Bg2 {[%clk 1:31:25]} Nf6 {[%clk 1:28:14]} 4. Nf3
{[%clk 1:31:48]} dxc4 {[%clk 1:24:53]} 5. Qa4+ {[%clk 1:31:55]} Nbd7
{[%clk 1:24:57]} 6. Qxc4 {[%clk 1:32:00]} a6 {[%clk 1:25:22]} 7. Qc2
{[%clk 1:30:47]} c5 {[%clk 1:25:20]} 8. Nc3 {[%clk 1:30:09]} Qc7 {[%clk 1:24:28]}
9. d4 {[%clk 1:19:07]} b6 {[%clk 1:18:46]} 10. Bf4 {[%clk 1:03:14]} Bd6
{[%clk 1:13:46]} 11. Bxd6 {[%clk 0:49:39]} Qxd6 {[%clk 1:14:02]} 12. Nd2
{[%clk 0:47:29]} Rb8 {[%clk 1:13:46]} 13. Nde4 {[%clk 0:38:09]} Qe7
{[%clk 1:06:03]} 14. dxc5 {[%clk 0:36:38]} Nxe4 {[%clk 1:04:11]} 15. Nxe4
{[%clk 0:33:20]} Nxc5 {[%clk 0:54:45]} 16. Nxc5 {[%clk 0:27:27]} Qxc5
{[%clk 0:55:06]} 17. Qxc5 {[%clk 0:16:54]} bxc5 {[%clk 0:55:30]} 18. b3
{[%clk 0:16:07]} Bd7 {[%clk 0:51:14]} 19. Rc1 {[%clk 0:16:04]} Rc8
{[%clk 0:51:40]} 20. Rc3 {[%clk 0:07:30]} Ke7 {[%clk 0:50:09]} 21. Kd2
{[%clk 0:07:57]} Rhd8 {[%clk 0:48:09]} 22. Ke3 {[%clk 0:08:26]} Rc7
{[%clk 0:46:33]} 23. Rhc1 {[%clk 0:08:54]} Rdc8 {[%clk 0:46:11]} 24. f4
{[%clk 0:08:55]} a5 {[%clk 0:40:10]} 25. Be4 {[%clk 0:09:19]} h6 {[%clk 0:37:23]}
26. Bd3 {[%clk 0:09:09]} Kd6 {[%clk 0:35:00]} 27. Rd1 {[%clk 0:06:52]} Ke7
{[%clk 0:35:20]} 28. Rdc1 {[%clk 0:07:17]} Kd6 {[%clk 0:35:46]} 29. h4
{[%clk 0:04:27]} a4 {[%clk 0:30:35]} 30. Rd1 {[%clk 0:04:50]} Ke7
{[%clk 0:30:42]} 31. Rdc1 {[%clk 0:05:15]} axb3 {[%clk 0:30:18]} 32. axb3
{[%clk 0:05:44]} Rb8 {[%clk 0:29:47]} 33. Ra1 {[%clk 0:04:51]} h5
{[%clk 0:24:19]} 34. Ra5 {[%clk 0:04:28]} g6 {[%clk 0:24:29]} 35. Kd2
{[%clk 0:04:23]} Kd6 {[%clk 0:13:57]} 36. Ra6+ {[%clk 0:04:49]} Ke7
{[%clk 0:13:15]} 37. Ra5 {[%clk 0:05:14]} Kd6 {[%clk 0:13:42]} 38. e4
{[%clk 0:04:45]} Rbc8 {[%clk 0:12:36]} 39. e5+ {[%clk 0:04:35]} Ke7
{[%clk 0:12:55]} 40. Rc1 {[%clk 0:01:26]} Rb8 {[%clk 0:11:39]} 41. Rc3
{[%clk 0:00:35]} Be8 {[%clk 0:07:29]} 42. Kc2 {[%clk 0:29:08]} Rbc8
{[%clk 0:38:24]} 43. Kb2 {[%clk 0:20:48]} Rd8 {[%clk 0:38:46]} 44. Be2
{[%clk 0:20:07]} Rd2+ {[%clk 0:32:20]} 45. Rc2 {[%clk 0:20:29]} Rxc2+
{[%clk 0:32:44]} 46. Kxc2 {[%clk 0:20:56]} Bc6 {[%clk 0:33:09]} 47. Kc3
{[%clk 0:19:55]} Bd5 {[%clk 0:32:56]} 48. Bc4 {[%clk 0:20:24]} Be4
{[%clk 0:33:05]} 49. Rb5 {[%clk 0:18:56]} Rc8 {[%clk 0:32:02]} 50. Rb6
{[%clk 0:18:59]} Ra8 {[%clk 0:29:43]} 51. Ra6 {[%clk 0:17:10]} Rxa6
{[%clk 0:26:38]} 52. Bxa6 {[%clk 0:17:38]} Bc6 {[%clk 0:26:44]} 53. Be2
{[%clk 0:18:03]} Kd7 {[%clk 0:25:45]} 54. Bd1 {[%clk 0:18:07]} Bd5
{[%clk 0:25:44]} 55. Kb2 {[%clk 0:18:04]} Bc6 {[%clk 0:25:53]} 56. Be2
{[%clk 0:18:20]} Ke7 {[%clk 0:25:53]} 57. Kc3 {[%clk 0:18:42]} Kd7
{[%clk 0:25:29]} 58. Bd1 {[%clk 0:18:55]} Bd5 {[%clk 0:25:44]} 59. g4
{[%clk 0:19:17]} hxg4 {[%clk 0:25:58]} 60. Bxg4 {[%clk 0:19:46]} Ke7
{[%clk 0:25:51]} 61. Be2 {[%clk 0:19:57]} Bc6 {[%clk 0:25:33]} 62. Bd3
{[%clk 0:20:13]} Kd7 {[%clk 0:25:28]} 63. Bc4 {[%clk 0:20:07]} Ke7
{[%clk 0:25:47]} 64. Kd2 {[%clk 0:20:31]} Kd7 {[%clk 0:25:50]} 65. Kc3
{[%clk 0:20:37]} Ke7 {[%clk 0:26:06]} 66. Be2 {[%clk 0:20:59]} Kd7
{[%clk 0:25:49]} 67. Bd1 {[%clk 0:21:24]} Bd5 {[%clk 0:26:14]} 68. Be2
{[%clk 0:21:49]} Bc6 {[%clk 0:26:40]} 69. Bd1 {[%clk 0:22:13]} Bd5
{[%clk 0:27:07]} 70. Be2 {[%clk 0:22:38]} 1/2-1/2

[Event "WCO2014"]
[Site "Tromso"]
[Date "2014.08.05"]
[Round "4.31"]
[WhiteID "5004985"]
[White "Sasikiran Krishnan"]
[BlackID "3503739"]
[Black "Bruzon Batista Lazaro"]
[Result "1/2-1/2"]
[LiveChessVersion "1.4.3"]
[BlackElo "2664"]
[WhiteElo "2669"]

1. d4 {[%clk 1:30:57]} Nf6 {[%clk 1:30:40]} 2. c4 {[%clk 1:31:17]} e6
{[%clk 1:31:05]} 3. Nc3 {[%clk 1:31:38]} Bb4 {[%clk 1:29:47]} 4. f3
{[%clk 1:31:58]} d5 {[%clk 1:15:24]} 5. a3 {[%clk 1:32:15]} Bxc3+
{[%clk 1:15:50]} 6. bxc3 {[%clk 1:32:39]} c5 {[%clk 1:16:18]} 7. cxd5
{[%clk 1:32:27]} Nxd5 {[%clk 1:16:43]} 8. dxc5 {[%clk 1:32:49]} Qa5
{[%clk 1:17:06]} 9. e4 {[%clk 1:33:06]} Nf6 {[%clk 1:17:31]} 10. Be3
{[%clk 1:33:05]} O-O {[%clk 1:17:51]} 11. Kf2 {[%clk 1:33:00]} Nfd7
{[%clk 1:17:08]} 12. Rb1 {[%clk 1:33:04]} Rd8 {[%clk 1:11:38]} 13. Rb5
{[%clk 1:30:31]} Qxa3 {[%clk 1:02:15]} 14. Qb3 {[%clk 1:30:45]} Qxb3
{[%clk 0:59:57]} 15. Rxb3 {[%clk 1:31:04]} b6 {[%clk 0:51:41]} 16. cxb6
{[%clk 1:29:53]} axb6 {[%clk 0:52:02]} 17. Nh3 {[%clk 1:15:31]} Ba6
{[%clk 0:37:19]} 18. Ra3 {[%clk 1:10:26]} Bb7 {[%clk 0:37:26]} 19. Rxa8
{[%clk 1:10:34]} Bxa8 {[%clk 0:37:54]} 20. Be2 {[%clk 1:10:24]} Rc8
{[%clk 0:33:14]} 21. Ra1 {[%clk 1:04:53]} Bc6 {[%clk 0:31:35]} 22. Nf4
{[%clk 0:48:18]} Nc5 {[%clk 0:29:02]} 23. Nd3 {[%clk 0:45:56]} Nxd3+
{[%clk 0:24:07]} 24. Bxd3 {[%clk 0:46:15]} Nd7 {[%clk 0:24:26]} 25. Ra7
{[%clk 0:45:24]} Kf8 {[%clk 0:21:11]} 26. Bd4 {[%clk 0:39:02]} Nc5
{[%clk 0:16:34]} 27. Be2 {[%clk 0:33:56]} Be8 {[%clk 0:14:09]} 28. h4
{[%clk 0:29:48]} Bc6 {[%clk 0:08:19]} 29. g4 {[%clk 0:27:56]} g6 {[%clk 0:02:26]}
30. Kg3 {[%clk 0:22:10]} Be8 {[%clk 0:02:19]} 31. Kf4 {[%clk 0:19:45]} h6
{[%clk 0:00:45]} 32. Kg3 {[%clk 0:15:58]} b5 {[%clk 0:00:53]} 33. Bd1
{[%clk 0:12:56]} Nd7 {[%clk 0:00:59]} 34. e5 {[%clk 0:09:11]} Nc5
{[%clk 0:00:58]} 35. h5 {[%clk 0:08:24]} gxh5 {[%clk 0:00:41]} 36. gxh5
{[%clk 0:08:27]} Na4 {[%clk 0:00:54]} 37. Bxa4 {[%clk 0:05:45]} bxa4
{[%clk 0:01:23]} 38. Kg4 {[%clk 0:04:34]} Bb5 {[%clk 0:00:42]} 39. Ra5
{[%clk 0:04:39]} Bc6 {[%clk 0:00:58]} 40. Bc5+ {[%clk 0:03:50]} Kg8
{[%clk 0:00:52]} 41. Kf4 {[%clk 0:00:33]} Ra8 {[%clk 0:00:44]} 42. Rxa8+
{[%clk 0:25:22]} Bxa8 {[%clk 0:31:04]} 43. Ke3 {[%clk 0:22:13]} Bd5
{[%clk 0:29:09]} 1/2-1/2

[Event "WCO2014"]
[Site "Tromso"]
[Date "2014.08.05"]
[Round "4.29"]
[WhiteID "5024595"]
[White "Lalith Babu M.R."]
[BlackID "3507165"]
[Black "Ortiz Suarez Isan Reynaldo"]
[Result "0-1"]
[LiveChessVersion "1.4.3"]
[BlackElo "2603"]
[WhiteElo "2565"]

1. d4 {[%clk 1:30:54]} Nf6 {[%clk 1:30:52]} 2. c4 {[%clk 1:30:55]} e6
{[%clk 1:31:14]} 3. Nf3 {[%clk 1:31:17]} c5 {[%clk 1:31:27]} 4. Nc3
{[%clk 1:31:34]} cxd4 {[%clk 1:29:43]} 5. Nxd4 {[%clk 1:31:57]} Nc6
{[%clk 1:27:10]} 6. Bf4 {[%clk 1:27:28]} d6 {[%clk 1:23:42]} 7. Nxc6
{[%clk 1:25:43]} bxc6 {[%clk 1:24:05]} 8. g3 {[%clk 1:25:53]} Be7
{[%clk 1:02:15]} 9. Bg2 {[%clk 1:26:04]} d5 {[%clk 1:01:46]} 10. Qa4
{[%clk 1:05:52]} Bd7 {[%clk 1:00:18]} 11. O-O {[%clk 1:04:53]} O-O
{[%clk 1:00:07]} 12. Qc2 {[%clk 0:44:20]} Qa5 {[%clk 0:52:56]} 13. Rfd1
{[%clk 0:42:35]} Rfc8 {[%clk 0:43:14]} 14. Rac1 {[%clk 0:30:26]} Be8
{[%clk 0:34:09]} 15. Qd2 {[%clk 0:23:25]} Qa6 {[%clk 0:31:10]} 16. e4
{[%clk 0:17:00]} dxc4 {[%clk 0:22:29]} 17. Qe2 {[%clk 0:13:21]} Nd7
{[%clk 0:20:55]} 18. Bd6 {[%clk 0:09:35]} Bxd6 {[%clk 0:20:43]} 19. Rxd6
{[%clk 0:10:01]} Ne5 {[%clk 0:20:58]} 20. Rcd1 {[%clk 0:08:00]} Rab8
{[%clk 0:20:59]} 21. R6d2 {[%clk 0:06:56]} Qa5 {[%clk 0:20:41]} 22. Bf1
{[%clk 0:04:05]} Nd3 {[%clk 0:18:33]} 23. Rc2 {[%clk 0:04:22]} c5
{[%clk 0:16:31]} 24. Rb1 {[%clk 0:02:42]} Rd8 {[%clk 0:15:23]} 25. Qe3
{[%clk 0:01:52]} Bc6 {[%clk 0:12:54]} 26. h4 {[%clk 0:01:13]} h6 {[%clk 0:11:45]}
27. Be2 {[%clk 0:01:16]} Rd4 {[%clk 0:11:16]} 28. b3 {[%clk 0:01:14]} cxb3
{[%clk 0:09:51]} 29. axb3 {[%clk 0:01:03]} Rbd8 {[%clk 0:09:53]} 30. Bf1
{[%clk 0:00:42]} Ne5 {[%clk 0:06:13]} 31. Be2 {[%clk 0:00:44]} Qb6
{[%clk 0:05:25]} 32. Qf4 {[%clk 0:00:47]} Nd3 {[%clk 0:05:27]} 33. Qe3
{[%clk 0:01:05]} Ne5 {[%clk 0:03:26]} 34. Rcc1 {[%clk 0:00:57]} Qb7
{[%clk 0:02:56]} 35. Bf1 {[%clk 0:00:42]} Ng4 {[%clk 0:02:53]} 36. Qe2
{[%clk 0:00:45]} Nf6 {[%clk 0:03:16]} 37. Bg2 {[%clk 0:00:39]} Nxe4
{[%clk 0:02:33]} 38. Nxe4 {[%clk 0:00:36]} Bxe4 {[%clk 0:02:59]} 39. Bxe4
{[%clk 0:00:50]} Rxe4 {[%clk 0:03:24]} 40. Qc2 {[%clk 0:00:51]} Re5
{[%clk 0:03:36]} 41. Ra1 {[%clk 0:25:49]} Red5 {[%clk 0:30:48]} 42. Qc4
{[%clk 0:24:13]} R8d6 {[%clk 0:29:23]} 43. Qa4 {[%clk 0:18:57]} Rd2
{[%clk 0:28:19]} 44. Qc4 {[%clk 0:16:15]} R6d3 {[%clk 0:27:33]} 45. Qf4
{[%clk 0:15:10]} Qd5 {[%clk 0:19:13]} 46. Rf1 {[%clk 0:11:56]} Rf3
{[%clk 0:19:35]} 47. Qb8+ {[%clk 0:11:28]} Kh7 {[%clk 0:20:01]} 48. Rxa7
{[%clk 0:11:37]} Qf5 {[%clk 0:18:07]} 0-1

[Event "WCO2014"]
[Site "Tromso"]
[Date "2014.08.05"]
[Round "4.1"]
[WhiteID "3700488"]
[White "Bachmann Axel"]
[BlackID "12401137"]
[Black "Le Quang Liem"]
[Result "0-1"]
[LiveChessVersion "1.4.3"]
[BlackElo "2710"]
[WhiteElo "2644"]

1. Nf3 {[%clk 1:30:45]} Nf6 {[%clk 1:29:55]} 2. c4 {[%clk 1:30:32]} g6
{[%clk 1:29:25]} 3. Nc3 {[%clk 1:30:50]} Bg7 {[%clk 1:28:40]} 4. e4
{[%clk 1:30:12]} c5 {[%clk 1:28:49]} 5. d4 {[%clk 1:29:00]} cxd4 {[%clk 1:29:07]}
6. Nxd4 {[%clk 1:29:28]} O-O {[%clk 1:29:06]} 7. Be2 {[%clk 1:27:39]} Nc6
{[%clk 1:29:23]} 8. Be3 {[%clk 1:27:12]} d6 {[%clk 1:29:39]} 9. O-O
{[%clk 1:26:41]} Bd7 {[%clk 1:29:54]} 10. f3 {[%clk 1:24:09]} Nxd4
{[%clk 1:28:15]} 11. Bxd4 {[%clk 1:24:33]} a5 {[%clk 1:27:01]} 12. Qd2
{[%clk 1:20:02]} Bc6 {[%clk 1:27:09]} 13. b3 {[%clk 1:20:19]} Nd7
{[%clk 1:27:14]} 14. Be3 {[%clk 1:20:43]} Nc5 {[%clk 1:27:28]} 15. Rab1
{[%clk 1:20:42]} Qb6 {[%clk 1:27:32]} 16. Nd5 {[%clk 1:12:47]} Bxd5
{[%clk 1:27:44]} 17. cxd5 {[%clk 1:08:41]} Qb4 {[%clk 1:24:00]} 18. Rfd1
{[%clk 0:54:55]} Rfc8 {[%clk 1:18:23]} 19. Rbc1 {[%clk 0:48:34]} Qxd2
{[%clk 1:03:16]} 20. Bxd2 {[%clk 0:46:55]} a4 {[%clk 0:58:45]} 21. bxa4
{[%clk 0:39:11]} Bb2 {[%clk 0:52:36]} 22. Rc4 {[%clk 0:34:34]} Rxa4
{[%clk 0:52:08]} 23. Rxa4 {[%clk 0:34:29]} Nxa4 {[%clk 0:52:31]} 24. Kf1
{[%clk 0:34:50]} Nc3 {[%clk 0:50:35]} 25. Bxc3 {[%clk 0:33:11]} Rxc3
{[%clk 0:50:53]} 26. Bd3 {[%clk 0:30:39]} Ba3 {[%clk 0:43:17]} 27. Ke2
{[%clk 0:30:29]} Bc5 {[%clk 0:43:38]} 28. Rb1 {[%clk 0:30:42]} Ra3
{[%clk 0:43:59]} 29. Bc4 {[%clk 0:30:43]} b6 {[%clk 0:44:07]} 30. Bb3
{[%clk 0:31:07]} Kg7 {[%clk 0:43:58]} 31. f4 {[%clk 0:31:22]} h6 {[%clk 0:42:45]}
32. g3 {[%clk 0:29:22]} Ra5 {[%clk 0:40:07]} 33. Rb2 {[%clk 0:29:18]} Kf6
{[%clk 0:37:38]} 34. Rc2 {[%clk 0:29:14]} Ra8 {[%clk 0:32:44]} 35. Kf3
{[%clk 0:28:55]} Rc8 {[%clk 0:31:21]} 36. Ba4 {[%clk 0:25:33]} g5
{[%clk 0:30:36]} 37. Bb5 {[%clk 0:20:54]} Rg8 {[%clk 0:30:11]} 38. a4
{[%clk 0:18:32]} gxf4 {[%clk 0:29:26]} 39. gxf4 {[%clk 0:15:45]} Rg1
{[%clk 0:29:45]} 40. Re2 {[%clk 0:14:48]} Rd1 {[%clk 0:25:32]} 41. Kg4
{[%clk 0:13:34]} Kg6 {[%clk 0:21:30]} 42. Rg2 {[%clk 0:12:44]} Re1
{[%clk 0:19:55]} 43. Kf3+ {[%clk 0:10:40]} Kf6 {[%clk 0:15:47]} 44. Re2
{[%clk 0:11:05]} Rd1 {[%clk 0:09:34]} 45. Kg4 {[%clk 0:11:29]} Kg6
{[%clk 0:09:55]} 46. Rg2 {[%clk 0:11:52]} Bd4 {[%clk 0:08:38]} 47. Rg3
{[%clk 0:27:02]} Re1 {[%clk 0:35:52]} 48. Bd3 {[%clk 0:25:22]} h5+
{[%clk 0:35:04]} 49. Kf3+ {[%clk 0:25:47]} Kf6 {[%clk 0:34:01]} 50. Rh3
{[%clk 0:25:27]} Kg7 {[%clk 0:29:48]} 51. Be2 {[%clk 0:24:47]} Ra1
{[%clk 0:28:24]} 52. Rxh5 {[%clk 0:24:30]} Ra3+ {[%clk 0:25:47]} 53. Kg2
{[%clk 0:18:37]} Rxa4 {[%clk 0:26:05]} 54. e5 {[%clk 0:18:46]} dxe5
{[%clk 0:24:06]} 55. fxe5 {[%clk 0:18:22]} Ra2 {[%clk 0:24:28]} 56. Kf1
{[%clk 0:18:23]} Ra1+ {[%clk 0:21:48]} 57. Kg2 {[%clk 0:18:48]} Re1
{[%clk 0:21:48]} 58. Kf3 {[%clk 0:14:12]} Kg6 {[%clk 0:22:10]} 59. Rh4
{[%clk 0:13:34]} Bxe5 {[%clk 0:22:31]} 60. Rb4 {[%clk 0:13:40]} Bc7
{[%clk 0:21:17]} 61. h4 {[%clk 0:13:51]} Kf6 {[%clk 0:19:52]} 62. h5
{[%clk 0:14:02]} Rh1 {[%clk 0:19:53]} 63. Ke3 {[%clk 0:13:44]} Kf5
{[%clk 0:17:24]} 64. Bg4+ {[%clk 0:13:00]} Kg5 {[%clk 0:17:41]} 65. Bf3
{[%clk 0:13:26]} Rh2 {[%clk 0:16:03]} 66. Rg4+ {[%clk 0:12:45]} Kh6
{[%clk 0:15:59]} 67. Rg8 {[%clk 0:12:58]} b5 {[%clk 0:15:59]} 68. Kd4
{[%clk 0:10:27]} b4 {[%clk 0:15:44]} 69. Kc4 {[%clk 0:10:43]} b3 {[%clk 0:15:22]}
70. Be4 {[%clk 0:10:20]} Rh4 {[%clk 0:15:20]} 71. Kd3 {[%clk 0:10:44]} b2
{[%clk 0:14:24]} 72. Rg1 {[%clk 0:11:09]} Bf4 {[%clk 0:13:43]} 73. Bf5
{[%clk 0:10:45]} Rxh5 {[%clk 0:13:39]} 74. Be4 {[%clk 0:11:05]} f5
{[%clk 0:12:24]} 0-1

[Event "WCO2014"]
[Site "Tromso"]
[Date "2014.08.05"]
[Round "4.3"]
[WhiteID "3700267"]
[White "Cubas Jose Fernando"]
[BlackID "12401358"]
[Black "Nguyen Duc Hoa"]
[Result "0-1"]
[LiveChessVersion "1.4.3"]
[BlackElo "2501"]
[WhiteElo "2455"]

1. e4 {[%clk 1:30:58]} e5 {[%clk 1:30:28]} 2. Nf3 {[%clk 1:31:14]} Nf6
{[%clk 1:30:50]} 3. Nc3 {[%clk 1:29:28]} Nc6 {[%clk 1:30:35]} 4. d4
{[%clk 1:29:30]} exd4 {[%clk 1:30:47]} 5. Nxd4 {[%clk 1:29:57]} Bb4
{[%clk 1:30:46]} 6. Nxc6 {[%clk 1:30:07]} bxc6 {[%clk 1:31:06]} 7. Bd3
{[%clk 1:30:13]} d5 {[%clk 1:31:15]} 8. exd5 {[%clk 1:30:35]} cxd5
{[%clk 1:31:37]} 9. O-O {[%clk 1:30:59]} O-O {[%clk 1:31:44]} 10. Bg5
{[%clk 1:31:22]} c6 {[%clk 1:31:17]} 11. Na4 {[%clk 1:30:30]} Rb8
{[%clk 1:17:31]} 12. c3 {[%clk 1:23:44]} Bd6 {[%clk 1:17:03]} 13. Re1
{[%clk 1:22:47]} c5 {[%clk 1:07:05]} 14. c4 {[%clk 1:08:38]} d4 {[%clk 1:00:55]}
15. b3 {[%clk 1:00:37]} Bd7 {[%clk 0:49:51]} 16. h3 {[%clk 0:43:44]} h6
{[%clk 0:44:55]} 17. Bh4 {[%clk 0:44:02]} Bxa4 {[%clk 0:43:02]} 18. bxa4
{[%clk 0:43:06]} g5 {[%clk 0:43:10]} 19. Bg3 {[%clk 0:43:30]} Bxg3
{[%clk 0:43:06]} 20. fxg3 {[%clk 0:43:59]} Qd6 {[%clk 0:41:13]} 21. Rf1
{[%clk 0:43:21]} Rfe8 {[%clk 0:40:20]} 22. h4 {[%clk 0:41:17]} Re3
{[%clk 0:38:57]} 23. hxg5 {[%clk 0:41:22]} hxg5 {[%clk 0:36:55]} 24. Rf5
{[%clk 0:40:25]} Rb2 {[%clk 0:23:52]} 25. Rxg5+ {[%clk 0:38:59]} Kf8
{[%clk 0:24:16]} 26. Qc1 {[%clk 0:34:40]} Qb8 {[%clk 0:20:27]} 27. Bf5
{[%clk 0:14:28]} Qb7 {[%clk 0:19:13]} 28. Bh3 {[%clk 0:14:45]} Ree2
{[%clk 0:19:32]} 29. Rd5 {[%clk 0:13:52]} Nxd5 {[%clk 0:19:12]} 30. Qh6+
{[%clk 0:13:35]} Ke7 {[%clk 0:18:28]} 31. cxd5 {[%clk 0:14:00]} Qxd5
{[%clk 0:13:19]} 32. Qh4+ {[%clk 0:14:29]} f6 {[%clk 0:13:12]} 33. Qh7+
{[%clk 0:14:55]} Kd8 {[%clk 0:06:50]} 34. Qh8+ {[%clk 0:15:19]} Kc7
{[%clk 0:06:37]} 35. Qc8+ {[%clk 0:12:25]} Kb6 {[%clk 0:07:01]} 36. Qb8+
{[%clk 0:12:15]} Ka6 {[%clk 0:05:48]} 37. Bc8+ {[%clk 0:10:04]} Ka5
{[%clk 0:06:13]} 38. Qxa7+ {[%clk 0:10:13]} Kb4 {[%clk 0:06:37]} 39. a3+
{[%clk 0:10:41]} Kb3 {[%clk 0:06:38]} 0-1

[Event "WCO2014"]
[Site "Tromso"]
[Date "2014.08.05"]
[Round "4.4"]
[WhiteID "12401269"]
[White "Nguyen Huynh Minh Huy"]
[BlackID "3701107"]
[Black "Latorre Matias"]
[Result "1-0"]
[LiveChessVersion "1.4.3"]
[BlackElo "2277"]
[WhiteElo "2507"]

1. d4 {[%clk 1:29:31]} e6 {[%clk 1:30:55]} 2. c4 {[%clk 1:29:33]} Nf6
{[%clk 1:31:21]} 3. Nf3 {[%clk 1:28:58]} Bb4+ {[%clk 1:30:15]} 4. Nbd2
{[%clk 1:29:14]} O-O {[%clk 1:28:44]} 5. a3 {[%clk 1:28:33]} Be7 {[%clk 1:29:00]}
6. e4 {[%clk 1:27:39]} d5 {[%clk 1:29:26]} 7. Bd3 {[%clk 1:22:09]} c5
{[%clk 1:23:40]} 8. dxc5 {[%clk 1:12:26]} dxe4 {[%clk 1:01:36]} 9. Nxe4
{[%clk 1:12:13]} Nxe4 {[%clk 1:02:03]} 10. Bxe4 {[%clk 1:12:34]} Qxd1+
{[%clk 1:02:30]} 11. Kxd1 {[%clk 1:12:54]} Bxc5 {[%clk 1:02:58]} 12. Ke2
{[%clk 1:09:57]} f5 {[%clk 1:02:57]} 13. Bc2 {[%clk 1:08:31]} e5 {[%clk 1:03:20]}
14. b4 {[%clk 1:08:20]} e4 {[%clk 1:03:21]} 15. bxc5 {[%clk 1:06:04]} exf3+
{[%clk 1:00:53]} 16. Kxf3 {[%clk 1:05:15]} Bd7 {[%clk 0:59:27]} 17. Bf4
{[%clk 0:53:02]} Rf6 {[%clk 0:55:41]} 18. Rhd1 {[%clk 0:43:25]} Bc6+
{[%clk 0:52:14]} 19. Ke2 {[%clk 0:43:33]} Nd7 {[%clk 0:52:25]} 20. Bd6
{[%clk 0:39:27]} Re8+ {[%clk 0:40:57]} 21. Kf1 {[%clk 0:39:45]} g6
{[%clk 0:41:24]} 22. Re1 {[%clk 0:34:41]} Rfe6 {[%clk 0:41:45]} 23. Rxe6
{[%clk 0:33:00]} Rxe6 {[%clk 0:42:12]} 24. Rd1 {[%clk 0:32:46]} Kf7
{[%clk 0:42:02]} 25. Rd4 {[%clk 0:30:39]} Nf6 {[%clk 0:37:02]} 26. f3
{[%clk 0:29:31]} h5 {[%clk 0:36:08]} 27. Kf2 {[%clk 0:28:17]} Re8
{[%clk 0:31:25]} 28. h3 {[%clk 0:26:48]} Re6 {[%clk 0:31:03]} 29. Rd1
{[%clk 0:25:02]} Nd7 {[%clk 0:30:30]} 30. Rd2 {[%clk 0:18:18]} Re8
{[%clk 0:27:25]} 31. Rd4 {[%clk 0:17:29]} Nf6 {[%clk 0:27:08]} 32. Bf4
{[%clk 0:16:11]} Nd7 {[%clk 0:25:11]} 33. Rd6 {[%clk 0:15:47]} Re6
{[%clk 0:21:22]} 34. Be3 {[%clk 0:14:33]} Rxd6 {[%clk 0:18:41]} 35. cxd6
{[%clk 0:14:55]} b6 {[%clk 0:19:08]} 36. Kg3 {[%clk 0:13:08]} Ke6
{[%clk 0:10:00]} 37. Kf4 {[%clk 0:10:58]} Ne5 {[%clk 0:05:23]} 38. c5
{[%clk 0:08:35]} Nc4 {[%clk 0:04:58]} 39. cxb6 {[%clk 0:05:17]} g5+
{[%clk 0:05:10]} 40. Kxg5 {[%clk 0:05:42]} Nxe3 {[%clk 0:05:30]} 41. Ba4
{[%clk 0:06:04]} Bb7 {[%clk 0:03:11]} 42. d7 {[%clk 0:05:32]} Ke7
{[%clk 0:03:34]} 43. bxa7 {[%clk 0:05:51]} Nxg2 {[%clk 0:03:28]} 44. f4
{[%clk 0:06:07]} h4 {[%clk 0:01:48]} 45. Kxf5 {[%clk 0:03:38]} Ne3+
{[%clk 0:02:04]} 46. Kg5 {[%clk 0:03:59]} Nd5 {[%clk 0:26:39]} 47. f5
{[%clk 0:35:04]} Ba8 {[%clk 0:26:41]} 48. Kxh4 {[%clk 0:35:08]} Nf6
{[%clk 0:26:05]} 49. Kg5 {[%clk 0:35:27]} Nxd7 {[%clk 0:25:44]} 50. Bxd7
{[%clk 0:35:51]} Kxd7 {[%clk 0:26:07]} 51. Kg6 {[%clk 0:36:10]} Be4
{[%clk 0:26:20]} 52. Kg7 {[%clk 0:36:35]} 1-0

[Event "WCO2014"]
[Site "Tromso"]
[Date "2014.08.05"]
[Round "4.26"]
[WhiteID "410608"]
[White "Howell David W L"]
[BlackID "11601388"]
[Black "Neiksans Arturs"]
[Result "1-0"]
[LiveChessVersion "1.4.3"]
[BlackElo "2572"]
[WhiteElo "2650"]

1. Nf3 {[%clk 1:30:46]} Nf6 {[%clk 1:29:42]} 2. c4 {[%clk 1:30:24]} e6
{[%clk 1:29:44]} 3. g3 {[%clk 1:30:28]} b6 {[%clk 1:29:20]} 4. Bg2
{[%clk 1:30:49]} Bb7 {[%clk 1:29:45]} 5. O-O {[%clk 1:30:37]} Be7
{[%clk 1:28:44]} 6. b3 {[%clk 1:18:32]} O-O {[%clk 1:27:56]} 7. Bb2
{[%clk 1:18:56]} d5 {[%clk 1:24:39]} 8. e3 {[%clk 1:18:19]} c5 {[%clk 1:23:54]}
9. Nc3 {[%clk 1:17:55]} Nc6 {[%clk 1:22:15]} 10. cxd5 {[%clk 1:18:18]} Nxd5
{[%clk 1:08:47]} 11. Nxd5 {[%clk 1:18:27]} Qxd5 {[%clk 1:09:02]} 12. d4
{[%clk 1:18:47]} Rad8 {[%clk 0:49:24]} 13. Ne5 {[%clk 1:18:38]} Qd6
{[%clk 0:49:49]} 14. dxc5 {[%clk 1:19:01]} Qxc5 {[%clk 0:47:26]} 15. Nd7
{[%clk 1:19:26]} Qg5 {[%clk 0:42:23]} 16. h4 {[%clk 1:18:45]} Qh6
{[%clk 0:42:42]} 17. Rc1 {[%clk 1:17:58]} Na5 {[%clk 0:36:36]} 18. Rc7
{[%clk 1:01:13]} Bxg2 {[%clk 0:34:25]} 19. Kxg2 {[%clk 1:00:12]} Rfe8
{[%clk 0:34:44]} 20. Qf3 {[%clk 0:58:51]} e5 {[%clk 0:30:24]} 21. Nxe5
{[%clk 0:48:55]} Qe6 {[%clk 0:28:31]} 22. Rxa7 {[%clk 0:41:21]} f6
{[%clk 0:24:32]} 23. Qg4 {[%clk 0:25:51]} Qxg4 {[%clk 0:14:14]} 24. Nxg4
{[%clk 0:26:16]} h5 {[%clk 0:14:35]} 25. Nh2 {[%clk 0:25:07]} Nc6
{[%clk 0:08:24]} 26. Rb7 {[%clk 0:23:33]} Rd2 {[%clk 0:08:14]} 27. Rxb6
{[%clk 0:09:38]} Rxb2 {[%clk 0:08:30]} 28. Rxc6 {[%clk 0:10:02]} Rxa2
{[%clk 0:08:29]} 29. Rb1 {[%clk 0:08:31]} Bb4 {[%clk 0:06:10]} 30. Kg1
{[%clk 0:06:39]} Rb8 {[%clk 0:05:10]} 31. Nf3 {[%clk 0:06:56]} Ba3
{[%clk 0:04:12]} 32. Nd4 {[%clk 0:06:41]} Bf8 {[%clk 0:03:01]} 33. Kg2
{[%clk 0:05:31]} Rb7 {[%clk 0:02:47]} 34. Kf3 {[%clk 0:05:54]} Bb4
{[%clk 0:03:02]} 35. Rbc1 {[%clk 0:05:52]} Raa7 {[%clk 0:02:39]} 36. R1c4
{[%clk 0:04:39]} Ba3 {[%clk 0:02:28]} 37. Rc2 {[%clk 0:04:02]} Be7
{[%clk 0:02:30]} 38. Rb2 {[%clk 0:03:09]} Kf7 {[%clk 0:02:47]} 39. Rc4
{[%clk 0:03:24]} Ra6 {[%clk 0:02:28]} 40. Nc6 {[%clk 0:02:59]} Ba3
{[%clk 0:01:36]} 41. Nd8+ {[%clk 0:25:51]} Kg6 {[%clk 0:31:05]} 42. Nxb7
{[%clk 0:25:31]} Bxb2 {[%clk 0:31:29]} 43. Nc5 {[%clk 0:25:31]} Rb6
{[%clk 0:31:17]} 44. b4 {[%clk 0:22:55]} Rc6 {[%clk 0:31:17]} 45. Ke4
{[%clk 0:17:46]} Be5 {[%clk 0:31:37]} 46. b5 {[%clk 0:15:02]} Rc8
{[%clk 0:30:26]} 47. b6 {[%clk 0:13:40]} Rc6 {[%clk 0:30:46]} 48. b7
{[%clk 0:14:03]} Rb6 {[%clk 0:30:45]} 49. Nd7 {[%clk 0:11:30]} Rxb7
{[%clk 0:30:18]} 50. Nxe5+ {[%clk 0:11:54]} fxe5 {[%clk 0:30:27]} 51. Kxe5
{[%clk 0:12:10]} Rb2 {[%clk 0:30:47]} 52. Rf4 {[%clk 0:10:28]} Kh6
{[%clk 0:30:57]} 53. Rf8 {[%clk 0:09:27]} g6 {[%clk 0:31:06]} 54. Rf7
{[%clk 0:09:51]} Rb5+ {[%clk 0:31:06]} 55. Kd4 {[%clk 0:09:05]} Rb6
{[%clk 0:31:21]} 56. e4 {[%clk 0:08:55]} g5 {[%clk 0:31:30]} 57. e5
{[%clk 0:07:07]} Kg6 {[%clk 0:31:36]} 58. Rf6+ {[%clk 0:06:14]} Rxf6
{[%clk 0:32:01]} 59. exf6 {[%clk 0:06:39]} Kxf6 {[%clk 0:32:01]} 60. Ke4
{[%clk 0:06:44]} 1-0